[Event "Torneo"]
[Site "Storo ITA"]
[Date "1993.07.??"]
[Round "?"]
[White "Mrdja, Milan"]
[Black "Mileto, Gabriele"]
[Result "1-0"]
[WhiteElo "2355"]
[BlackElo "2225"]
[PlyCount "49"]
[EventDate "1993.07.18"]

1. e4 e5 2. Nf3 Nc6 3. Bb5 f5 4. Qe2 fxe4 5. Qxe4 Nf6 6. Qe2 Bd6 7. d4 e4 8. c3
Qe7 9. Nh4 g6 10. Bg5 Kf7 11. Nd2 Re8 12. O-O Kg7 13. g3 a6 14. Ba4 b6 15. f3
h6 16. Bxf6+ Qxf6 17. fxe4 Qg5 18. Bb3 Re7 19. Qf2 Bb7 20. Rae1 Ne5 21. Nhf3
Nxf3+ 22. Nxf3 Qg4 23. e5 Rf8 24. exd6 Rxe1 25. Qxe1 1-0

[Event "Torneo"]
[Site "Storo ITA"]
[Date "1993.07.??"]
[Round "1"]
[White "Dizdarevic, Emir"]
[Black "Popa, Florin"]
[Result "1-0"]
[WhiteElo "2540"]
[BlackElo "2024"]
[PlyCount "81"]
[EventDate "1993.07.18"]

1. Nf3 Nf6 2. g3 g6 3. b3 Bg7 4. Bb2 d6 5. d4 c6 6. Bg2 Nbd7 7. O-O O-O 8. Nbd2
Qc7 9. e4 e5 10. Re1 h6 11. Nc4 Ne8 12. dxe5 dxe5 13. a4 b5 14. Ne3 Nef6 15.
axb5 cxb5 16. c4 Bb7 17. Nd5 Nxd5 18. cxd5 Qb6 19. Bh3 Nc5 20. Bxe5 Bxe5 21.
Nxe5 Rfe8 22. Nd7 Nxd7 23. Bxd7 Re7 24. Bh3 Rae8 25. Bg2 f5 26. d6 Re5 27. d7
Rf8 28. Rxa7 Bxe4 29. Ra2 Rd8 30. Rd2 Re6 31. b4 Qc6 32. Rd4 Kf7 33. Bxe4 fxe4
34. Qd2 g5 35. Rc1 Qa6 36. Qe3 Qb7 37. Rcd1 Qc6 38. Qe2 Kg6 39. Rd5 Qc4 40. Qg4
Rf6 41. R5d4 1-0

[Event "Torneo"]
[Site "Storo ITA"]
[Date "1993.07.??"]
[Round "1"]
[White "Popa, Claudiu"]
[Black "Zelcic, Robert"]
[Result "1/2-1/2"]
[WhiteElo "1979"]
[BlackElo "2450"]
[PlyCount "131"]
[EventDate "1993.07.18"]

1. e4 Nf6 2. Nc3 d5 3. exd5 Nxd5 4. Nxd5 Qxd5 5. d4 Nc6 6. Nf3 e5 7. dxe5 Qxd1+
8. Kxd1 Bg4 9. Bf4 O-O-O+ 10. Bd3 Bc5 11. Bg3 Nd4 12. Kd2 Nxf3+ 13. gxf3 Bxf3
14. Rhg1 Rd5 15. Rae1 Bb4+ 16. c3 Bc5 17. Kc2 Rhd8 18. Bc4 Rd2+ 19. Kc1 Bh5 20.
Rgf1 Bg6 21. Re2 Rxe2 22. Bxe2 Bf5 23. Re1 Be6 24. a3 Bb3 25. Bg4+ Kb8 26. Bh4
g5 27. Bg3 a5 28. Bf5 h5 29. h4 Be7 30. hxg5 Bxg5+ 31. f4 Be7 32. Bc2 Ba2 33.
Bf2 h4 34. Rh1 Rg8 35. Be4 Rg4 36. Rg1 Rxg1+ 37. Bxg1 Bb3 38. Kd2 c6 39. Bb6 h3
40. Bg1 Kc7 41. Bf3 Be6 42. Be4 a4 43. Bh2 Kb6 44. Bf3 Kc5 45. Be2 Kd5 46. Bd3
Bg4 47. c4+ Ke6 48. Bc2 Bc5 49. Bxa4 Bd4 50. b4 Bb2 51. Bb3 Bxa3 52. c5+ Ke7
53. Kc3 Bf5 54. Bd1 Bc1 55. Bf3 Be3 56. Bh1 Bf2 57. Bf3 Ke6 58. b5 Bxc5 59.
bxc6 b5 60. Be2 b4+ 61. Kc4 Bf8 62. Bf3 Ke7 63. Kxb4 Kd8+ 64. Kc4 Be7 65. Bd5
f6 66. Kd4 1/2-1/2

[Event "Torneo"]
[Site "Storo ITA"]
[Date "1993.07.??"]
[Round "2"]
[White "Zelcic, Robert"]
[Black "De Santis, Alessio"]
[Result "0-1"]
[WhiteElo "2450"]
[BlackElo "1972"]
[PlyCount "92"]
[EventDate "1993.07.18"]

1. e4 d6 2. d4 Nf6 3. Nc3 c6 4. f4 Qa5 5. Bd3 e5 6. Nf3 Bg4 7. O-O exd4 8. Ne2
c5 9. e5 Nfd7 10. e6 fxe6 11. Ng5 Be7 12. Bxh7 Nf8 13. Be4 Nc6 14. h3 Bf5 15.
Bxf5 exf5 16. Ng3 Bxg5 17. fxg5 g6 18. Qe2+ Ne5 19. Bf4 Nfd7 20. a3 Qb6 21. b4
c4 22. Qf2 d3 23. Be3 Qc6 24. Bd4 O-O 25. Qd2 Rac8 26. c3 Rce8 27. a4 a5 28.
Rf4 axb4 29. cxb4 Rf7 30. h4 Rfe7 31. Bc3 Ng4 32. Rxg4 fxg4 33. Qf4 Re4 34.
Nxe4 Rxe4 35. Qg3 d5 36. Rf1 d4 37. b5 Qe6 38. Bb4 Re2 39. Qc7 c3 40. Qc8+ Kh7
41. h5 gxh5 42. Qxb7 d2 43. Qc6 Qxc6 44. bxc6 Nb6 45. a5 Nc8 46. g6+ Kxg6 0-1

[Event "Torneo"]
[Site "Storo ITA"]
[Date "1993.07.??"]
[Round "3"]
[White "Nicevski, Risto"]
[Black "Rosino, Antonio"]
[Result "0-1"]
[WhiteElo "2380"]
[BlackElo "2320"]
[PlyCount "126"]
[EventDate "1993.07.18"]

1. e4 e5 2. Nc3 Nf6 3. Bc4 Nxe4 4. Qh5 Nd6 5. Bb3 Be7 6. Nf3 Nc6 7. Nxe5 O-O 8.
O-O Nd4 9. d3 Nxb3 10. axb3 Ne8 11. Re1 d6 12. Nc4 Be6 13. Nd5 Bxd5 14. Qxd5 c6
15. Qf3 Bf6 16. Bf4 d5 17. Ne5 Nd6 18. Qh3 Re8 19. Nd7 Bxb2 20. Bxd6 Bxa1 21.
Rxa1 Re6 22. Nc5 Qxd6 23. Nxe6 Qxe6 24. Qg3 Re8 25. h3 a6 26. Qc7 Qe5 27. Qa5
g6 28. Rf1 d4 29. Qb6 Re7 30. Qd8+ Kg7 31. f4 Qf6 32. Qb6 Re2 33. Qxb7 c5 34.
Qc7 Rxc2 35. b4 Qf5 36. Rf3 Rc3 37. bxc5 Qxc5 38. Qd8 a5 39. h4 h5 40. f5 Rc1+
41. Kf2 Qc2+ 42. Kg3 Qc7+ 43. Qxc7 Rxc7 44. Rf4 Rd7 45. Kf3 a4 46. Ke4 a3 47.
fxg6 a2 48. Rf1 fxg6 49. Ra1 Ra7 50. Kxd4 Kf6 51. Ke4 Ke6 52. g3 Ra4+ 53. d4
Ra3 54. Kf4 Kd5 55. g4 Kxd4 56. Rd1+ Kc3 57. gxh5 gxh5 58. Kg5 a1=Q 59. Rxa1
Rxa1 60. Kxh5 Rg1 61. Kh6 Kd4 62. h5 Ke5 63. Kh7 Kf6 0-1

[Event "Torneo"]
[Site "Storo ITA"]
[Date "1993.07.??"]
[Round "3"]
[White "Popa, Florin"]
[Black "Mileto, Gabriele"]
[Result "0-1"]
[WhiteElo "2024"]
[BlackElo "2225"]
[PlyCount "62"]
[EventDate "1993.07.18"]

1. e4 e5 2. Nf3 Nc6 3. Bc4 Nf6 4. d4 exd4 5. e5 d5 6. Bb5 Ne4 7. Nxd4 Bc5 8.
O-O O-O 9. Nxc6 bxc6 10. Bxc6 Ba6 11. Qxd5 Bxf1 12. Qxe4 Ba6 13. Nc3 Rb8 14.
Qg4 Qd4 15. Qg3 Rfd8 16. Bg5 Rxb2 17. Bxd8 Rxc2 18. Rd1 Rxc3 19. Bf3 Rd3 20.
Rb1 Qxd8 21. Qg4 Rd2 22. e6 Rxf2 23. exf7+ Kf8 24. Kh1 Rf1+ 25. Rxf1 Bxf1 26.
Qf5 Qd4 27. Qc8+ Kxf7 28. Qf5+ Ke7 29. Qg5+ Kd7 30. Bg4+ Kc6 31. Bf3+ Kb6 0-1

[Event "Torneo"]
[Site "Storo ITA"]
[Date "1993.07.??"]
[Round "4"]
[White "De Santis, Alessio"]
[Black "Mrdja, Milan"]
[Result "0-1"]
[WhiteElo "1972"]
[BlackElo "2355"]
[PlyCount "70"]
[EventDate "1993.07.18"]

1. Nf3 d5 2. d4 c6 3. e3 Nd7 4. Bd3 e6 5. O-O f5 6. b3 Bd6 7. Bb2 Qf6 8. c4 Nh6
9. Nbd2 O-O 10. Re1 g5 11. Nf1 g4 12. N3d2 Qg7 13. g3 Nf6 14. f4 gxf3 15. Qxf3
Ne4 16. Qg2 Bd7 17. Nf3 Ng4 18. a4 Rf6 19. Ba3 Bc7 20. Ra2 Kh8 21. b4 Rg8 22.
b5 Rg6 23. Bb4 Nxh2 24. N1xh2 Rxg3 25. Ree2 Qh6 26. Bxe4 fxe4 27. Ne5 Bxe5 28.
dxe5 Rxg2+ 29. Rxg2 Qxe3+ 30. Raf2 h5 31. Be7 Be8 32. cxd5 cxd5 33. Nf1 Qd4 34.
Bg5 Qxe5 35. Kh1 Rxg5 0-1

[Event "Torneo"]
[Site "Storo ITA"]
[Date "1993.07.??"]
[Round "4"]
[White "Rosino, Antonio"]
[Black "Nurkic, Sahbaz"]
[Result "1/2-1/2"]
[WhiteElo "2320"]
[BlackElo "2395"]
[PlyCount "41"]
[EventDate "1993.07.18"]

1. e4 c5 2. c3 d5 3. exd5 Qxd5 4. d4 Nc6 5. Nf3 e5 6. Nxe5 Nxe5 7. dxe5 Qxe5+
8. Qe2 Qxe2+ 9. Bxe2 Bd7 10. Bf3 O-O-O 11. O-O Ne7 12. Na3 Be6 13. Bg5 h6 14.
Bh4 a6 15. Rfd1 Rxd1+ 16. Rxd1 Nf5 17. Bd8 Bxa2 18. Bb6 Be7 19. Bd5 Bxd5 20.
Rxd5 g6 21. Nc4 1/2-1/2

[Event "Torneo"]
[Site "Storo ITA"]
[Date "1993.07.??"]
[Round "5"]
[White "Nicevski, Risto"]
[Black "Zelcic, Robert"]
[Result "1/2-1/2"]
[WhiteElo "2380"]
[BlackElo "2450"]
[PlyCount "81"]
[EventDate "1993.07.18"]

1. e4 Nf6 2. e5 Nd5 3. d4 d6 4. c4 Nb6 5. exd6 cxd6 6. d5 e6 7. Nc3 Be7 8. Bd3
O-O 9. Nge2 Na6 10. O-O Nc5 11. Bc2 a5 12. b3 exd5 13. cxd5 Bf6 14. h3 Bd7 15.
Rb1 Rc8 16. Qd2 Re8 17. Ba3 g6 18. Rfd1 Be5 19. Ne4 Nxe4 20. Bxe4 Qh4 21. Bf3
Bf5 22. Rbc1 a4 23. Ng3 Bxg3 24. fxg3 Qxg3 25. Qf2 Qxf2+ 26. Kxf2 axb3 27. axb3
Bc2 28. Rd4 Red8 29. Rb4 Nd7 30. Rc4 Ra8 31. Bxd6 Bxb3 32. Rb4 Bxd5 33. Bxd5
Nf6 34. Bxf7+ Kxf7 35. Rxb7+ Ke6 36. Bb4 Nd5 37. Re1+ Kf6 38. Be7+ Nxe7 39.
Rbxe7 Ra2+ 40. R7e2 Rdd2 41. Rxd2 1/2-1/2

[Event "Torneo"]
[Site "Storo ITA"]
[Date "1993.07.??"]
[Round "5"]
[White "Popa, Claudiu"]
[Black "De Santis, Alessio"]
[WhiteElo "1979"]
[BlackElo "1972"]
[Result "0-1"]
[PlyCount "86"]
[EventDate "1993.07.18"]

1. e4 d6 2. d4 Nf6 3. Bd3 e5 4. d5 g6 5. Bg5 Bg7 6. Ne2 h6 7. Bh4 c6 8. c4 Na6
9. Nbc3 Nc5 10. Bc2 O-O 11. f3 cxd5 12. Nxd5 Qa5+ 13. b4 Nxd5 14. bxa5 Ne3 15.
Qxd6 Ne6 16. Kf2 Nxc2 17. Rad1 g5 18. Qd2 Ncd4 19. Bg3 Nxe2 20. Qxe2 Nd4 21.
Qb2 Be6 22. Rc1 b6 23. axb6 axb6 24. a3 Ra6 25. Rc3 Rc8 26. Rhc1 f6 27. Kf1 Bf8
28. Bf2 Bc5 29. Rd3 Rca8 30. Bxd4 exd4 31. Rc2 Kf7 32. Rxd4 Rxa3 33. Rd1 R8a5
34. Qc1 R5a4 35. Ke2 Kg7 36. h3 Bc8 37. Rd3 Ra1 38. Qd2 Rg1 39. Rd7+ Kg6 40.
Kd3 Bxd7 41. Ra2 Rxa2 42. Qxa2 Be6 43. Qc2 Rf1 0-1

[Event "Torneo"]
[Site "Storo ITA"]
[Date "1993.07.??"]
[Round "6"]
[White "Nurkic, Sahbaz"]
[Black "De Santis, Alessio"]
[Result "1-0"]
[WhiteElo "2395"]
[BlackElo "1972"]
[PlyCount "93"]
[EventDate "1993.07.18"]

1. e4 d6 2. d4 Nf6 3. Nc3 c6 4. f4 Qa5 5. Bd3 e5 6. Nf3 Bg4 7. dxe5 dxe5 8. h3
Bxf3 9. Qxf3 Nbd7 10. Bd2 Qc7 11. g3 b5 12. O-O-O Bc5 13. Kb1 a5 14. g4 O-O-O
15. g5 Ne8 16. a4 b4 17. Ne2 Nd6 18. h4 Kb7 19. Nc1 Rhe8 20. f5 Bb6 21. c3 Nc5
22. cxb4 axb4 23. Bxb4 Nxa4 24. Bc2 Nc5 25. Rhe1 Nb5 26. Bxc5 Bxc5 27. Qb3 Bb6
28. Ne2 Qe7 29. Bd3 Nd4 30. Nxd4 Rxd4 31. Bc4 Rxd1+ 32. Rxd1 f6 33. Rc1 Rd8 34.
g6 h6 35. Bf1 Qd6 36. Qf7+ Rd7 37. Qc4 Rd8 38. Qa6+ Kc7 39. Bb5 c5 40. Bc4 Kd7
41. Bb5+ Kc7 42. Bc4 Kd7 43. Rc3 Qb8 44. Bb5+ Kc7 45. Rxc5+ Kd6 46. Rc6+ Ke7
47. Rxb6 1-0

[Event "Torneo"]
[Site "Storo ITA"]
[Date "1993.07.??"]
[Round "7"]
[White "Zelcic, Robert"]
[Black "Rosino, Antonio"]
[Result "1/2-1/2"]
[WhiteElo "2450"]
[BlackElo "2320"]
[PlyCount "74"]
[EventDate "1993.07.18"]

1. e4 e5 2. Nf3 Nc6 3. d4 exd4 4. Nxd4 Nf6 5. Nc3 Bb4 6. Nxc6 bxc6 7. Bd3 d5 8.
exd5 cxd5 9. O-O O-O 10. Bg5 c6 11. Na4 h6 12. Bh4 Re8 13. c4 dxc4 14. Bxc4
Qxd1 15. Rfxd1 Re4 16. Rd8+ Bf8 17. Bxf6 Rxc4 18. b3 Rc2 19. Bd4 Bb7 20. Rxa8
Bxa8 21. Bxa7 c5 22. Nb6 Bc6 23. Nc4 g6 24. Ne3 Re2 25. a4 Rb2 26. Nc4 Rc2 27.
Rb1 Be4 28. Re1 Bd3 29. h4 Bxc4 30. bxc4 Ra2 31. Re8 Kg7 32. Bb8 Rxa4 33. Rc8
Rxc4 34. Be5+ f6 35. Bxf6+ Kxf6 36. Rxf8+ Kg7 37. Rc8 Rxh4 1/2-1/2

[Event "Torneo"]
[Site "Storo ITA"]
[Date "1993.07.??"]
[Round "8"]
[White "Nurkic, Sahbaz"]
[Black "Dalponte, Dino"]
[Result "1-0"]
[WhiteElo "2395"]
[BlackElo "2295"]
[PlyCount "167"]
[EventDate "1993.07.18"]

1. e4 e6 2. d4 d5 3. Nd2 Nf6 4. e5 Nfd7 5. Bd3 c5 6. c3 Qb6 7. Ne2 Nc6 8. O-O
cxd4 9. cxd4 Nxd4 10. Nxd4 Qxd4 11. Nf3 Qb6 12. Qa4 Be7 13. Qg4 g6 14. Bh6 Qxb2
15. Rfb1 Qc3 16. Bb5 a6 17. Bd2 Qc7 18. Rc1 Qb8 19. Bxd7+ Bxd7 20. Bh6 Bc6 21.
Rab1 Qc7 22. Qh3 Rg8 23. Qg3 f5 24. h4 Kd7 25. Nd4 Rac8 26. Bg5 Qd8 27. Bf6 Rf8
28. Bxe7 Qxe7 29. Rb6 Rfd8 30. Nxc6 bxc6 31. Rxa6 Rc7 32. a4 c5 33. Rb1 Rdc8
34. Rbb6 Rc6 35. Rb7+ R8c7 36. Rxc7+ Rxc7 37. Qb3 Ke8 38. Ra8+ Kf7 39. Qb8 Kg7
40. Qg8+ Kh6 41. Re8 Qf7 42. Qxf7 Rxf7 43. Rxe6 Ra7 44. Rc6 Ra5 45. Rc7 Rxa4
46. Rxc5 Rxh4 47. Rxd5 Re4 48. f3 Ra4 49. Rd7 g5 50. e6 Kg6 51. e7 Kf7 52.
e8=Q+ Kxe8 53. Rxh7 g4 54. Kh2 Kf8 55. Kg3 gxf3 56. gxf3 Kg8 57. Rb7 Ra8 58.
Kf4 Ra5 59. Kg5 Rd5 60. Kg6 Kf8 61. Rf7+ Ke8 62. Rxf5 Rd6+ 63. Kg7 Rd7+ 64. Kg8
Rd1 65. Re5+ Kd7 66. Kf7 Kd6 67. Kf6 Rh1 68. Re3 Rh6+ 69. Kf5 Rh5+ 70. Kg6 Rh3
71. Kf6 Rh6+ 72. Kg5 Rh3 73. Kg4 Rh6 74. f4 Rh8 75. f5 Rg8+ 76. Kh5 Rh8+ 77.
Kg6 Rg8+ 78. Kf7 Rg1 79. f6 Rd1 80. Kf8 Rf1 81. f7 Kd7 82. Rd3+ Kc8 83. Rd5 Kc7
84. Kg7 1-0

[Event "Torneo"]
[Site "Storo ITA"]
[Date "1993.07.??"]
[Round "9"]
[White "Dalponte, Dino"]
[Black "Rosino, Antonio"]
[Result "0-1"]
[WhiteElo "2295"]
[BlackElo "2320"]
[PlyCount "82"]
[EventDate "1993.07.18"]

1. d4 d5 2. Nc3 Nf6 3. Bg5 Nbd7 4. Nf3 c6 5. e3 Qb6 6. Rb1 e6 7. a3 Bd6 8. Be2
Qc7 9. Bh4 O-O 10. Bg3 e5 11. Nxe5 Nxe5 12. dxe5 Bxe5 13. Bxe5 Qxe5 14. Qd4 Qg5
15. Bf3 Bg4 16. Bxg4 Nxg4 17. O-O f5 18. h3 Nf6 19. Rbd1 a6 20. Nb1 Rae8 21.
Nd2 Ne4 22. Nf3 Qe7 23. c4 dxc4 24. Qxc4+ Kh8 25. Rd3 c5 26. a4 b5 27. axb5
axb5 28. Qxb5 Rb8 29. Qa4 Rxb2 30. Rd7 Qf6 31. Qa1 h6 32. Nh4 Rfb8 33. Nf3 Nxf2
34. Qa7 Ne4 35. Ne1 Qc3 36. Kh2 Rg8 37. Qa1 Qe5+ 38. Rf4 Rxg2+ 39. Kxg2 Qxa1
40. Rf1 Qb2+ 41. Kf3 Nd2+ 0-1

[Event "Torneo"]
[Site "Storo ITA"]
[Date "1993.07.??"]
[Round "9"]
[White "Mileto, Gabriele"]
[Black "Nicevski, Risto"]
[Result "0-1"]
[WhiteElo "2225"]
[BlackElo "2380"]
[PlyCount "76"]
[EventDate "1993.07.18"]

1. d4 Nf6 2. c4 g6 3. Nc3 Bg7 4. e4 d6 5. Be2 a6 6. Nf3 O-O 7. O-O Bg4 8. Be3
Nc6 9. d5 Bxf3 10. Bxf3 Ne5 11. Be2 c6 12. f4 Ned7 13. Bd4 Re8 14. Bf3 e5 15.
dxe6 Rxe6 16. Re1 Qa5 17. g4 g5 18. f5 Re5 19. Qd2 h6 20. h4 Nh7 21. Be3 Ree8
22. hxg5 Nxg5 23. Bxg5 hxg5 24. Qxg5 Qb6+ 25. Kg2 Qxb2+ 26. Ne2 Qf6 27. Qxf6
Bxf6 28. Rab1 b5 29. Red1 Be7 30. Nd4 Ne5 31. cxb5 axb5 32. Rd2 Bg5 33. Rc2 Ra6
34. Kg3 Rea8 35. Rb3 Rxa2 36. Rbc3 Rxc2 37. Rxc2 Ra3 38. Nxc6 Nxf3 0-1